Responses for Show #7367 - Tuesday, September 27, 2016

Seth Wilson game 7.

Contestants

[<< previous game]

Bing Kao, a business analyst from Houston, Texas

Miranda Prince, a yarn purveyor from Albany, Oregon

Seth Wilson, a Ph.D. candidate from Chicago, Illinois (whose 6-day cash winnings total $153,700)

[next game >>]

Jeopardy! Round responses

ZODIAC GLYPHS
HISTORIC DOCUMENTS
PEOPLE'S SEXIEST MAN ALIVE
HEAD, SHOULDERS, KNEES & TOES
SELF-HELP BOOKS
5, 5
(Alex: Each correct response will be two words, each word having five letters.)
    $200 4
Gemini

Bing
    $200 1
the Emancipation Proclamation

Seth
    $200 14
David Beckham

Seth
    $200 22
the cerebrum

Miranda
    $200 24
(Alex: Less than a minute now.)

nirvana

Seth
    $200 3
first class

Miranda
    $400 12
(Miranda: What is Aries?)
...
(Alex: Yes, the archer.)

Sagittarius

SethMiranda
    $400 2
the Magna Carta

Bing
    $400 15
Matthew McConaughey

Bing
    $400 16
the patella

Bing
    $400 25
Ourselves

Miranda
    $400 5
cabin fever

Seth
    $600 7
(Alex: The bull.)

Taurus

Seth
    $600 6
the Louisiana Purchase

Bing
    $600 19
John F. Kennedy, Jr.

Seth
    $600 18
turf toe

Seth
    $100 26
(Miranda: What is The Happiness Whisperer?)

The Secret

Miranda
    $600 10
Alarm Clock

Seth
    $800 27
Pisces

Triple Stumper
    $800 8
the United Nations charter

Seth
    $800 20
Richard Gere

Bing
    $800 17
ball-and-socket

Bing
    $800 11
the drive train (or power train)

Miranda
    $1000 28
[The end-of-round signal sounds.]

Aquarius

Miranda
    $1000 9
(Seth: What is the War Powers Act?)

the Tonkin Gulf Resolution

Seth
Triple Stumper
    $1000 23
Channing Tatum

Seth
    $1000 21
(Miranda: What are tarsals?)

phalanges

Miranda
Triple Stumper
    $1000 13
water snake

Triple Stumper

Scores at the first commercial break (after clue 15):

Seth Miranda Bing
$2,200 $600 $1,600

Scores at the end of the Jeopardy! Round:

Seth Miranda Bing
$4,600 $1,100 $3,600

Double Jeopardy! Round responses

THE 2016 PULITZER PRIZES
ARCHIPELAGOS
THE HAND THAT ROCKS THE LADLE
CLASSICAL MUSIC
BIBLICAL RHYME TIME
IT'S EASY AS "A_B_C_D"
(Alex: Each response will begin with the letter "A", and the other letters will follow in order.)
    $400 2
(Bing: What is the San Francisco Chronicle?)

The Los Angeles Times

MirandaBing
    $400 26
the Antilles

Seth
    $400 15
Iron Chef

Bing
    $400 19
percussion

Seth
    $400 1
Noah's boas

Seth
    $400 5
abracadabra

Seth
    $800 13
the Associated Press (AP)

Seth
    $800 27
the Azores

Seth
    $800 22
SpongeBob SquarePants

Seth
    $800 16
the "Moonlight Sonata"

Bing
    $800 3
Abel's cables

Bing
    $800 10
alphabetical order

Seth
    $1200 14
(Miranda: Who is [*]?)
(Alex: Yes. Any relation?)
(Miranda: I wish.)

Lin-Manuel Miranda

Miranda
    $1200 28
the Cook Islands

Bing
    $1200 23
(Seth: Who is Vince Vaughn?)

Jon Favreau

Seth
Triple Stumper
    $1200 8
Handel's Messiah

Miranda
    $1200 6
Psalm balm

Miranda
    $1200 4
ascorbic acid

Triple Stumper
    $2,000 20
(George Armstrong) Custer

Seth
    $1,200 29
(Bing: What are the Falkland Islands?)
[The end-of-round signal sounds.]

Tierra del Fuego

Bing
    $1600 24
the Swedish Chef

Seth
    $1600 17
Glory

Triple Stumper
    $1600 7
Acts facts

Bing
    $1600 11
arborcide

Triple Stumper
    $2000 21
surfing

Seth
    $2000 25
(Alex: And we have less than a minute now to deal with this last category.)

BurgerTime

Miranda
    $2000 18
(Miranda: What is Pictures at an Exposition--Exhibition? What is [*]?)

Pictures at an Exhibition

Miranda
    $2000 9
Saul's drawls

Triple Stumper
    $2000 12
abscond

Seth

Scores at the end of the Double Jeopardy! Round:

Seth Miranda Bing
$15,800 $9,100 $6,800

[wagering suggestions for these scores]

Final Jeopardy! Round responses

21st CENTURY MUSIC
(Alex: The British group was Coldplay.)
BingWhat is Ice Ice Baby?
$6,601
MirandaWhat is Viva la Vida?
$1,500
SethWhat is Shake it Off?
$3,000
"Viva La Vida"

Final scores:

Seth Miranda Bing
$12,800 $10,600 $199
7-day champion: $166,500 2nd place: $2,000 3rd place: $1,000

Game dynamics:

Coryat scores:

Seth Miranda Bing
$15,400 $9,200 $8,000
23 R
(including 1 DD),
2 W
11 R,
3 W
(including 1 DD)
12 R,
2 W
(including 1 DD)

Combined Coryat: $32,600

[game clues] [game scores] [suggest correction]

Game tape date: 2016-07-26
The J! Archive is created by fans, for fans. Scraping, republication, monetization, and malicious use prohibited; this site may use cookies and collect identifying information. See terms. The Jeopardy! game show and all elements thereof, including but not limited to copyright and trademark thereto, are the property of Jeopardy Productions, Inc. and are protected under law. This website is not affiliated with, sponsored by, or operated by Jeopardy Productions, Inc. Join the discussion at JBoard.tv.